000 00646nam a2200205 i 4500
001 92609
003 ES-MaACL
005 20230906181019.0
007 t|
008 050407s2005 sp ||||1| spa d
020 _a84-9734-247-X
080 _a913(569.4)
100 1 _aO'Shea, Covadonga.
_986367
245 1 3 _aUn viaje a Tierra Santa
_b: Israel, pueblo de promisión, pueblo de confusión /
_cCovadonga O'Shea.
250 _a2ª ed.
260 _aMadrid :
_bLa Esfera de los Libros,
_c2005.
300 _a218 p., [32] p. de lám. col. :
_bil. ;
_c24 cm.
651 4 _aIsrael-
_xDescripción.
_98856
852 _aES-MaACL
_jL-29037
_bR.135509
999 _c92609
_d92609